| 000 | 00597cam a2200217 4500 | ||
|---|---|---|---|
| 008 | #DATE n 000 0 eng u | ||
| 035 | _a(Sirsi) u115624 | ||
| 041 | _aeng | ||
| 050 | _a333.33017 | ||
| 110 |
_aNational Association of Estate Agents _9886 |
||
| 245 | _aCode of practice | ||
| 250 | _aRevised ed. | ||
| 260 |
_aWarwick _bNational Association of Estate Agents |
||
| 300 | _a16p. ; 21cm. | ||
| 350 | _a1.32 | ||
| 650 | _aESTATE AGENCY | ||
| 650 | _aESTATE AGENTS | ||
| 650 | _aCODE OF PRACTICE | ||
| 690 | _aMANAGEMENT-BUSINESS MANAGEMENT-PROFESSIONAL PRACTICE | ||
| 942 | _n0 | ||
| 999 |
_c101778 _d101778 |
||